| 000 | nam a22 a 4500 | ||
|---|---|---|---|
| 999 |
_c425477 _d425477 |
||
| 003 | BLK | ||
| 005 | 20210727134953.0 | ||
| 008 | 210727b bu |||||r|||| 00| | bu d | ||
| 040 | _aBLK | ||
| 041 |
_aRUS _cRUS |
||
| 080 |
_aАнглийска литература _b821.111 _x-31 _z821.111-31 |
||
| 100 |
_91299 _aСкотт, Вальтер _eпърви автор |
||
| 139 | _aСкотт, Вальтер | ||
| 245 |
_aСобрание сочинений Вальтер Скотта _bТ. 1-18. _cВ. Скотт ; пер. В. А. Тимирязева _nТ. 4 _pЛамермурская невеста : Роман |
||
| 257 | _aRUS | ||
| 260 |
_9460520 _aСанкт-Петербург _bГ. Ф. Пантелеев _c1896 |
||
| 300 |
_a260 с. _c20 см |
||
| 380 | _aX | ||
| 490 |
_9435080 _aКолекция Редки и ценни издания |
||
| 490 |
_9460521 _aСобрание сочинений избранных иностранных писателей |
||
| 700 |
_9759 _aТимирязев, Василий Аркадьевич _eпер. |
||
| 852 |
_aРр 896 _bРц |
||
| 942 |
_cKNG _n0 _s1 |
||
| 944 |
_aCR _c2021-07-27 _kВП |
||